000 00490nam a22001817a 4500
003 OSt
005 20140310181714.0
008 121213t xxu||||| |||| 00| 0 eng d
020 _a9712707792
050 _aDS 676.5
_bOc1 1999
082 _aFIL 959.9
_bOc1 1998
100 _aOcampo, Ambeth R.
245 _aThe Centennial countdown /
_cAmbeth R. Ocampo.
260 _aPasig City :
_bAnvil,
_c1998.
300 _axix, 310 p. :
_bill. ;
_c22 cm
942 _2lcc
_cBK
_kFIL
999 _c1678
_d1678